| 000 | 00832nam a2200205 a 4500 | ||
|---|---|---|---|
| 001 | 22481 | ||
| 003 | CO-ViMGA | ||
| 008 | 141112s2004 ck r 000 u spa d | ||
| 040 |
_aCO-ViMGA _bspa _cCO-ViMGA |
||
| 082 | 0 | 4 | _a378.01 V351e |
| 100 | 1 |
_aVelandia Mora, Manuel Antonio _931888 |
|
| 245 | 1 | 0 |
_aEstrategias para construir la convivencia solidaria en el aula universitaria : _btrabajo en equipo y comunicacion generadora de mundos |
| 260 |
_aBogotá : _bUniversidad Cooperativa de Colombia, _c2006 |
||
| 300 | _a194 | ||
| 490 | _aLibros de texto | ||
| 505 | _aModelo de comprensión 15 - 80 - - Metodología 87 - 100 - - Eltrabajo en equipo 101 - 103 | ||
| 590 | _aForma de adquisición : Donación - - Precio : 13000 - - Fecha de adquisición : 2008 | ||
| 650 | 1 | 4 |
_aUNIVERSIDAD ASPECTOS SOCIALES _931889 |
| 942 |
_2ddc _cBK |
||
| 999 |
_c30787 _d30787 |
||